000 00455nam a2200169Ia 4500
008 230718s9999 xx 000 0 und d
041 _aeng
082 _a621.81
_bPAT
100 _aPatil R.B.
245 _aDesign Of Machine Elements
250 _a3rd ed.
260 _c2009
_bTech-Max Publications
300 _a673
_dRef 66 M (33584)
365 _cRs.
_b495.00
700 _aPatil R.B.
906 _dO:0025209-Sep-2009B:217427-Jul-2009
_cMECH
_b74.25
999 _c322377
_d322377